MARC details
| 000 -LEADER |
| fixed length control field |
01350cam a22003615a 4500 |
| 001 - CONTROL NUMBER |
| control field |
11864250 |
| 005 - DATE AND TIME OF LATEST TRANSACTION |
| control field |
20161128114911.0 |
| 008 - FIXED-LENGTH DATA ELEMENTS--GENERAL INFORMATION |
| fixed length control field |
991209r20152000ii a frb 001 0 eng d |
| 010 ## - LIBRARY OF CONGRESS CONTROL NUMBER |
| LC control number |
99089122 |
| 020 ## - INTERNATIONAL STANDARD BOOK NUMBER |
| International Standard Book Number |
0471351997 (cloth : alk. paper) |
| 040 ## - CATALOGING SOURCE |
| Original cataloging agency |
DLC |
| Language of cataloging |
eng |
| Transcribing agency |
DLC |
| Modifying agency |
DLC |
| -- |
EG-ScBUE |
| 042 ## - AUTHENTICATION CODE |
| Authentication code |
pcc |
| 082 04 - DEWEY DECIMAL CLASSIFICATION NUMBER |
| Edition number |
22 |
| Classification number |
621.3845 |
| Item number |
CHA |
| 100 1# - MAIN ENTRY--PERSONAL NAME |
| Personal name |
Chang, Kai, |
| Dates associated with a name |
1948- |
| 9 (RLIN) |
41699 |
| 245 10 - TITLE STATEMENT |
| Title |
RF and microwave wireless systems / |
| Statement of responsibility, etc |
Kai Chang. |
| 250 ## - EDITION STATEMENT |
| Edition statement |
Wiley student ed. |
| 260 ## - PUBLICATION, DISTRIBUTION, ETC. (IMPRINT) |
| Place of publication, distribution, etc |
New Delhi : |
| Name of publisher, distributor, etc |
Wiley India Pvt. Ltd., |
| Date of publication, distribution, etc |
2000. |
| 300 ## - PHYSICAL DESCRIPTION |
| Extent |
xvi, 339 p. : |
| Other physical details |
ill. ; |
| Dimensions |
24 cm. |
| 500 ## - GENERAL NOTE |
| General note |
Index : p. 333-339. |
| 504 ## - BIBLIOGRAPHY, ETC. NOTE |
| Bibliography, etc |
Includes bibliographical references. |
| 590 ## - LOCAL NOTE (RLIN) |
| Local note |
Wessam |
| 650 #7 - SUBJECT ADDED ENTRY--TOPICAL TERM |
| Topical term or geographic name as entry element |
Wireless communication systems. |
| Source of heading or term |
BUEsh |
| 9 (RLIN) |
12950 |
| 650 #7 - SUBJECT ADDED ENTRY--TOPICAL TERM |
| Topical term or geographic name as entry element |
Mobile communication systems. |
| Source of heading or term |
BUEsh |
| 9 (RLIN) |
12951 |
| 650 #7 - SUBJECT ADDED ENTRY--TOPICAL TERM |
| Topical term or geographic name as entry element |
Microwave communication systems |
| Source of heading or term |
BUEsh |
| 9 (RLIN) |
8968 |
| 650 #7 - SUBJECT ADDED ENTRY--TOPICAL TERM |
| Topical term or geographic name as entry element |
Radio frequency. |
| Source of heading or term |
BUEsh |
| 9 (RLIN) |
33162 |
| 651 ## - SUBJECT ADDED ENTRY--GEOGRAPHIC NAME |
| Source of heading or term |
BUEsh |
| 653 ## - INDEX TERM--UNCONTROLLED |
| Resource For college |
Engineering, Electrical |
| Arrived date list |
November2016 |
| 653 ## - INDEX TERM--UNCONTROLLED |
| Resource For college |
Informatics and Computer Science |
| Arrived date list |
November2016 |
| 856 42 - ELECTRONIC LOCATION AND ACCESS |
| Materials specified |
Contributor biographical information |
| Uniform Resource Identifier |
<a href="http://www.loc.gov/catdir/bios/wiley044/99089122.html">http://www.loc.gov/catdir/bios/wiley044/99089122.html</a> |
| 856 42 - ELECTRONIC LOCATION AND ACCESS |
| Materials specified |
Publisher description |
| Uniform Resource Identifier |
<a href="http://www.loc.gov/catdir/description/wiley037/99089122.html">http://www.loc.gov/catdir/description/wiley037/99089122.html</a> |
| 856 4# - ELECTRONIC LOCATION AND ACCESS |
| Materials specified |
Table of Contents |
| Uniform Resource Identifier |
<a href="http://www.loc.gov/catdir/toc/onix06/99089122.html">http://www.loc.gov/catdir/toc/onix06/99089122.html</a> |
| 942 ## - ADDED ENTRY ELEMENTS (KOHA) |
| Source of classification or shelving scheme |
Dewey Decimal Classification |
| Edition |
22 |
| Call number prefix |
621.3845 CHA |